Pokémon - Les attaques de Sharpedo - Statistiques

Statistiques générales
  • Ce quiz a été pris 25 fois
  • Le résultat moyen est 9 sur 15
Statistiques - réponses
Niveaux Types Noms des attaques % Correct
Niveau 34 Ténèbres Mâchouille
94%
Niveau 16 Ténèbres Morsure
94%
Départ Eau Aqua-Jet
88%
Niveau 20 Glace Crocs Givre
81%
Niveau 40 Psy Hâte
69%
Niveau 46 Eau Aqua-Brèche
63%
Départ Poison Crochet Venin
63%
Départ Normal Groz'Yeux
63%
Niveau 52 Normal Bélier
56%
Niveau 12 Normal Grimace
44%
Niveau 24 Normal Grincement
44%
Départ Évolution Normal Tranche
44%
Départ Ténèbres Tranche-Nuit
38%
Niveau 28 Normal Vantardise
31%
Départ Normal Puissance
25%
Aucun quiz correspondant
Distribution des résultats
% des personnes avec chaque résultat
Percentile par nombre de réponses
Votre historique - résultats
Vous n’avez pas pris ce quiz